| 000 | 00844nam a22001937a 4500 | ||
|---|---|---|---|
| 999 |
_c62889 _d62889 |
||
| 003 | Ge_BSU | ||
| 005 | 20250317112121.0 | ||
| 008 | 250317s1977 ge ||||| |||| 00| 0 geo d | ||
| 041 | _ageo | ||
| 080 | _a616.1/4(075.8) ა-45 | ||
| 100 |
_aალადაშვილი, ვ. _97956 |
||
| 245 |
_aშინაგანი დაავადებები : _b[სახელმძღვ. თბილ. სამედ. ინ-ტის სტუდენტებისათვის] / _cვ. ალადაშვილი. |
||
| 250 | _aმე-2 გამოცემა. | ||
| 264 |
_aთბ. : _bგანათლება, _c1977. |
||
| 300 |
_a541 გვ. : _bილ. ; _c26 სმ. |
||
| 653 | _aშინაგანი დაავადებები | ||
| 653 | _aმედიცინა | ||
| 942 |
_2udc _cᲬᲘᲒᲜᲘ |
||